| 000 | 00487nam a22001937a 4500 | ||
|---|---|---|---|
| 003 | OSt | ||
| 005 | 20140310182831.0 | ||
| 008 | 130603t xxu||||| |||| 00| 0 eng d | ||
| 050 |
_aDT 1 _b.C697 2000 |
||
| 082 |
_aM 323.1196 _bH34 2000 |
||
| 245 |
_aHealth: A Key To Prosperity: _b Success Stories in Developing Countries |
||
| 260 | _c2000 | ||
| 300 | _a106 p. | ||
| 521 | _acollege students | ||
| 526 | _c1210L-1700L | ||
| 541 | _j1 | ||
| 562 | _e1 | ||
| 942 |
_2lcc _cBK _kM |
||
| 999 |
_c16633 _d16633 |
||